000 00668nam a2200217 a 4500
001 BRCA_1952
005 20190320203620.0
008 720620s1996 gw-a---##b---#000-0#ger-#
020 _a3476015025
020 _aDLC
_cOAU
050 4 _aN7740
_b.H53 1996
100 1 _aHenkel, Arthur
_95994
245 1 0 _aEmblemata
_bHandbuch zur Sinnbildkunst des XVI. und XVII. Jahrhunderts
_cHerausgegeben. von Arthur Henkel und Albrecht Schöne.
260 _aStuttgart
_bJ. B. Metzler
_c1996
300 _alxxiii, 2110 p.
_bil.
_c22 cm.
650 1 4 _aEmblemas
_95995
650 1 4 _aSimbolismo en arte
_95996
700 1 _aSchöne, Albrecht
_95997
902 _aREF
942 _2lcc
_cB
999 _c1722
_d1722